| 000 | 01108nam a2200289Ia 4500 | ||
|---|---|---|---|
| 001 | B4485 | ||
| 003 | IT-RoPAU | ||
| 008 | 130308s9999 xx 000 0 und d | ||
| 040 | _aIT-RoPAU | ||
| 040 | _cIT-RoPAU | ||
| 041 | _aINGLESE | ||
| 100 | _aDahlgren Peter | ||
| 100 | _gCodice Aut. SPICS: 38333 | ||
| 245 | _aWhat's the Meaning of This? Viewers' Plural Sense-Making of tv News | ||
| 245 | _bCulture And Power-A Media, Culture & Society Reader | ||
| 250 | _a1a ed. | ||
| 260 | _aLONDON | ||
| 260 | _bSage Publications B.H. | ||
| 260 | _c1992 [1° Ed.:1992 - Ed.Ling.Originale:1992] | ||
| 300 | _a"17 p. (prefazione: no ; testo: 17 [pagine: 201-217])" | ||
| 500 | _aVaria Formazione di Senso delle notizie televisive da parte dei Telespettatori. Nuovi programmi ed Eclisse dell'informazione Modello. Audience Attiva. Discorso ufficiale o Personale. forme di Discorso ufficiale per Il Pubblico. forme di Discorso Personale. telegiornale e Dispersione della Soggettivita'. | ||
| 650 | _aSOCIOLOGIA | ||
| 650 | _eCodice materia Spics: 3651 | ||
| 942 | _cBK | ||
| 957 | _71 | ||
| 999 |
_c79120 _d79120 |
||
| 999 | _g1 | ||